000 00707nam a2200229Ia 4500
003 OSt
005 20210204171847.0
008 191128t1992 us ad fr 001 0 eng d
020 _a007112568X
040 _aCO-JMCR
_cCO-JMCR
041 0 _aeng
082 0 4 _a330.0182 /
_bC532e
_223
100 1 _aChiang, Alpha C.,
_eautor
_95186
245 1 0 _aElements of dynamic optimization /
_cAlpha C. Chiang
260 _aNew York :
_bMcGraw-Hill,
_c©1992
300 _a327 páginas :
_bgráficos a blanco y negro ;
_c24 cm.
490 0 _aEconomics
500 _aIncluye índice alfabético.
505 0 _aThe calculus of variations -- Optimal control theory
650 1 4 _aEconometría
_95464
942 _2ddc
_cBK
999 _c5355
_d5355